000 00565cam a2200193ua 4500
001 2244
008 110812n ii |||gr||||Z||||||asm
040 _cMAIN
082 _a370.15
100 _aBhuyan, Biren,
_eAuthor.
245 1 _aPrarambhik parisankhya bigyan shiksha aru manastwatik parimapan
_cby Biren Bhuyan
250 _a1st.
260 _aGuahati:
_bChandra Prakash,995.
300 _a340p:
_bill;
_c23cm.
653 _aEducation
653 _aPrarambhik parisankhya bigyan shiksha aru manastwatik parimapan
700 _aChoudhury, Minoti,
942 _cBK
999 _c2111
_d2111